Making things (Record no. 91813)
[ view plain ]
| 000 -LEADER | |
|---|---|
| fixed length control field | 03072nam a2200373 a 4500 |
| 245 10 - TITLE STATEMENT | |
| Title | Making things |
| 260 ## - PUBLICATION, DISTRIBUTION, ETC. (IMPRINT) | |
| Place of publication | Washington, D.C. : |
| Name of publisher | National Academies Press, |
| Year of publication | c2012. |
| 300 ## - PHYSICAL DESCRIPTION | |
| Number of Pages | ix, 34 p. : |
| Other physical details | ill. (some col.), ports. (some col.) |
| 505 0# - FORMATTED CONTENTS NOTE | |
| Formatted contents note | Prerequisites for success -- A high-tech approach to low-tech products -- Five lessons for the next generation -- Fostering impatience with the status quo -- Produce to protect -- Produce to live -- Creativity, confidence, and innovation -- Job creation -- The role of government -- The benefits of diversity -- The importance of K-12 education -- The global effects of local action. |
| 520 ## - SUMMARY, ETC. | |
| Summary, etc | More than two decades ago, a commission of 17 MIT scientists and economists released a report, Made in America, which opened with the memorable phrase, "To live well, a nation must produce well." Is that still true? Or can the United States remain a preeminent nation while other countries increasingly make the products that once were made in America? These questions were at the center of a forum titled "Making Things: 21st Century Manufacturing and Design" held during the 2011 annual meeting of the National Academy of Engineering. In a wide-ranging and provocative conversation, seven leaders of business, government, and academia explored the many facets of manufacturing and design and outlined the many opportunities and responsibilities posed by manufacturing for the engineering profession. This book summarizes the discussions that took place during the 2011 forum. The report concludes with a forum agenda and each attendee's biography-- |
| 650 #0 - SUBJECT ADDED ENTRY--TOPICAL TERM | |
| Topical Term | Production engineering |
| Topical Term | Production engineering |
| Topical Term | Engineering design |
| 700 1# - ADDED ENTRY--PERSONAL NAME | |
| Personal name | Olson, Steve, |
| 856 40 - ELECTRONIC LOCATION AND ACCESS | |
| Uniform Resource Identifier | http://site.ebrary.com/lib/rucke/Doc?id=10554798 |
| 520 ## - SUMMARY, ETC. | |
| -- | Source other than Library of Congress. |
No items available.
